| 000 | 01347nam a22002057a 4500 | ||
|---|---|---|---|
| 003 | OSt | ||
| 005 | 20260129024639.0 | ||
| 008 | 260129b |||||||| |||| 00| 0 eng d | ||
| 020 | _a9789715183819 | ||
| 040 |
_aDWCL GS library _cOC |
||
| 082 | _aFic 275p 2010 | ||
| 100 | _aBarrie, J.M | ||
| 245 | _aPeter Pan | ||
| 260 |
_aManila, Philippines _bLampara publishing house _cc2010 |
||
| 300 |
_a125 _billustrations _c20cm |
||
| 520 |
_aPeter pan is a lovely boy who refuses to grown up. He is seen by ordinary children from the world outside neverland his home clad in skeleton leaves and the juices that oozed out of trees. In spite of being a child and still having all of his baby teeth, peter is fearless.
_bOne of peter's great adventures is with the darling children. It begins on the night when he flies to their home to search for his lost shadow. He teaches Wendy and her brothers john and Michael to fly and persuades them to come with him and his fairy, Tinker bell, to neverland. After meeting Peter's friend, the lost boy wendy and her brothers join forces with peter battling the pirates and their evil leader captain hook. They also become heroes to Tiger lily, the bell of the redskins. |
||
| 546 | _aEnglish | ||
| 700 | _aJ.M Barrie | ||
| 942 |
_2ddc _cFIC. _hFic. B275p 2010 _n0 |
||
| 999 |
_c7934 _d7934 |
||